000 00584nmm a2200229 a 4500
003 AR-BaBNM
005 20251128211157.0
008 173020s1966 ||||||||||||||000 | spa||
040 _cAR-BaBNM
100 1 _aMaddick, Henry
245 1 0 _aDemocracia, comunidad y desarrollo
260 _aBuenos Aires
_bTroquel
_c1966
300 0 _a345 p.
500 0 _aContiene referencias bibliográficas p. 311-344
650 4 _aFEDERALISMO
650 4 _aDEMOCRACIA
650 4 _aDESARROLLO SOCIAL
650 4 _aCENTRALIZACION
650 4 _aPOLITICA
942 _cBK
998 _cMariana
999 _c18585
_d18585